Macmillan dictionary of retailing

Bibliographic Details
Main Authors: Baron, Steve (Author), Davies, Barry [ (Barry J)] (Author), Swindley, David (Author)
Format: Book
Published: London : Macmillan , 1991
Series:Macmillan dictionary series

MARC

LEADER 00000cam a2200000 7i4500
001 0000030765
005 20160830093000.0
008 021119n
090 0 0 |a HF5428   |b .M22 1991 
100 0 |a Baron, Steve ,   |e author 
245 0 0 |a Macmillan dictionary of retailing 
260 2 |a London :   |b Macmillan ,   |c 1991 
300 |a 249 p. ; ;   |c 24 cm. 
440 0 0 |a Macmillan dictionary series 
700 0 |a Davies, Barry [  |q (Barry J)] ,   |e author 
700 0 |a Swindley, David ,   |e author 
999 |a 1000057452   |b Book   |c Reference   |e Gong Badak Campus